| 000 | 00866cam a2200265 a 4500 | ||
|---|---|---|---|
| 001 | 6687 | ||
| 003 | BD-RjUL | ||
| 005 | 20211208234307.0 | ||
| 008 | 140112s2004 enka b 001 0 eng | ||
| 020 | _a0340814055 | ||
| 035 | _a(BD-RjUL)6728 | ||
| 040 |
_aDLC _cDLC _dDLC _dBD-RjUL _beng |
||
| 041 | _aeng | ||
| 082 | 0 | 0 |
_a519.542 _223 _bLEB 2004 |
| 100 | 1 |
_aLee, Peter M. _921025 |
|
| 245 | 1 | 0 |
_aBayesian statistics : _ban introduction / _cPeter M. Lee. |
| 250 | _a3rd ed. | ||
| 260 |
_aLondon : _bArnold ; _aNew York : _bWiley, _cc2004. |
||
| 300 |
_a351 p. : _bill. ; _c23 cm. |
||
| 504 | _aIncludes bibliographical references (p. [329]-337) and index. | ||
| 650 | 0 |
_aBayesian statistical decision theory. _97874 |
|
| 856 | 4 | 2 |
_3Publisher description _uhttp://www.loc.gov/catdir/enhancements/fy0620/2004273796-d.html |
| 942 |
_2ddc _cBK |
||
| 999 |
_c6687 _d6687 |
||